História - Capítulo 6 - A Cidadania Moderna - Statistics

Estatísticas Gerais
  • Esse quiz foi jogado 140 vezes
    95 desde o último reset
  • A pontuação média é 6 de 10
Estatísticas das Respostas
Questão Resposta % Correto

Assinale a alternativa que apresenta o principal direito construído na Revolução Francesa.

Direitos civis
100%

Qual é a importância das terras índigenas para o exercício da cidadania dos índios?

As terras indígenas são um direito dos índios. Sem direitos, não é possível exercer a cidadania.
88%

Resumidamente, o que é o voto?

Manifestação oficial que declara a preferência do eleitor em um processo eleitoral.
88%

Complete: Atualmente, de acordo com a lei, a mulher não é considerada relativamente _______, podendo exercer sua cidadania de forma autônoma e independente.

Incapaz
75%

Durante a Revolução Industrial, os trabalhadores fabris faziam constantes reivindicações. Em suas suas lutas, eles conseguiram abolir:

Trabalho infantil
75%

Marque a alternativa correta.

A Constituição Brasileira está baseada nas regras impostas após a Revolução Francesa.
63%

Como era organizada a pirâmide social antes da revolução francesa?

Clero católico; Nobreza; Povo
50%

Complete: Apesar de ser um direito ________, o voto pode ter consequências tantos nos direitos _____ quanto nos direitos _______.

Político; Civis; Sociais
50%

A rotina eleitoral no Brasil, está baseada em alguns fundamentos, sendo os principais:

Valor do voto; Maioria dos votos; Calendário eleitoral
25%

Assinale a alternativa correta.

O voto por opinião política ocorre quando o eleitor vota de acordo com a opinião de um político.
13%
Nenhum quiz correspondente encontrado
Distribuição das Pontuações
Porcentagem de Pessoas com Cada Pontuação
Percentil de Números Respondidos
Sua Pontuação Histórica
Você não jogou esse quiz desde o último reset